[Event "Guildford"]
[Site "Guildford"]
[Date "1991.??.??"]
[Round "?"]
[White "Varga, Zoltan"]
[Black "Kosashvili, Yona"]
[Result "0-1"]
[WhiteElo "2400"]
[BlackElo "2475"]

1.d4 Nf6 2.c4 e6 3.Nf3 b6 4.Nc3 Bb7 5.a3 g6 6.d5 Bg7 7.e4 O-O 8.Bd3 d6 9.O-O Nbd7
10.Re1 c6 11.Bg5 cxd5 12.cxd5 exd5 13.Nxd5 h6 14.Nxf6+ Nxf6 15.Bh4 Re8 16.Nd2 Qd7
17.a4 Bc6 18.Qb3 d5 19.e5 Ng4 20.f4 g5 21.fxg5 hxg5 22.Bxg5 Nxe5 23.Bb5 Bxb5
24.axb5 Qg4 25.h4 Qd4+ 26.Kh1 Nd3 27.Rxe8+ Rxe8 28.Nf3 Qc4 29.Qxc4 dxc4 30.Rxa7 Nxb2
31.Rb7 Na4 32.Rc7 c3 33.h5 Nc5 34.Rc6 c2 35.Rxb6 Ne6 36.Bd2 Bc3 37.Bh6 Rd8
38.Rc6 Rd1+ 39.Kh2 c1=Q 40.Bxc1 Rxc1 41.g3 Bb2 42.Rxc1 Bxc1 43.Kh3 Kg7 44.Kg4 Kf6
45.Ng1 Be3 46.Ne2 Nc7 47.Nc3 Ke5 48.Kh4 Bd4 49.Ne2 Nxb5 50.h6 Kf6 51.Kh5 Be5
52.g4 Nc3 53.Ng1 Nd5 54.Nf3 Nf4+ 55.Kh4 Bc3 56.Kg3 Ne6 57.h7 Kg6 58.Kh4 Bf6+
59.Kg3 Kxh7 60.Ng1 Kg6 61.Nf3 Bc3 62.Nh4+ Kg5 63.Nf3+ Kf6 64.Kh4 Kg6 65.Kg3 Bf6
66.Nd2 Be5+ 67.Kf3 Nc5 68.Nc4 Bc7 69.Ne3 Nd7 70.Nd5 Bd6 71.Nc3 Nf6 72.Nb5 Be5
73.Na7 Kg5 74.Nc6 Bc7 75.Ne7 Nxg4 76.Nd5  0-1

[Event "Helsingborg-B"]
[Site "Helsingborg"]
[Date "1991.??.??"]
[Round "?"]
[White "Solbrand, Stefan"]
[Black "Hellsten, Johan"]
[Result "1/2-1/2"]
[WhiteElo "2200"]
[BlackElo "2200"]

1.d4 Nf6 2.Nf3 b6 3.c4 e6 4.Nc3 Bb4 5.a3 Bxc3+ 6.bxc3 Ne4 7.Qc2 Bb7 8.e3 O-O
9.Bd3 f5 10.O-O Rf6 11.Ne1 Rh6 12.g3 Rf6 13.f3 Nd6 14.a4 Nc6 15.Rb1 Rb8 16.Ba3 Na5
17.Qe2 Bc6 18.c5 bxc5 19.Bxc5 Rxb1 20.Bxb1 Qa8 21.Bb4 Nac4 22.Bd3 a5 23.Bc5 Nb6
24.Bxb6 cxb6 25.Qc2 b5 26.axb5 Nxb5 27.c4 Nc7 28.Be2 Na6 29.Nd3 Nb4 30.Nxb4 axb4
31.Qd2 Qb7 32.Rb1 Bxf3 33.Rxb4 Qa8 34.Bxf3 Qxf3 35.Rb8+ Rf8 36.Rxf8+ Kxf8
37.c5 Qe4  1/2-1/2

[Event "CUB-ch"]
[Site "Holguin"]
[Date "1991.??.??"]
[Round "3"]
[White "Vera, Reynaldo"]
[Black "Fuentes, Manuel"]
[Result "1-0"]
[WhiteElo "2465"]
[BlackElo "2305"]

1.d4 Nf6 2.Nf3 b6 3.c4 e6 4.Nc3 Bb7 5.a3 d5 6.cxd5 Nxd5 7.Qc2 c5 8.dxc5 Bxc5
9.Bg5 Be7 10.Nxd5 exd5 11.Bxe7 Qxe7 12.e3 O-O 13.Bd3 d4 14.Nxd4 Rc8 15.Qe2 Qg5
16.f4 Qa5+ 17.b4 Qd5 18.O-O Nd7 19.Nf5 Qe6 20.e4 g6 21.Nd4 Qe7 22.e5 a5 23.Nb5 Bd5
24.Nd6 Rf8 25.Bc4 Be6 26.Rad1 axb4 27.axb4 Ra4 28.Bxe6 fxe6 29.Qb5 Ra7 30.Rc1 Qd8
31.Qc4 Qe7 32.Nc8 Rxc8 33.Qxc8+ Nf8 34.Qb8 Rb7 35.Qd6 Qe8 36.Rfd1 b5 37.Rc7 Rxc7
38.Qxc7 Qa8 39.Qc5 Qe4 40.Qxb5 Qc2  1-0

[Event "HUN-chT"]
[Site "HUN"]
[Date "1991.??.??"]
[Round "?"]
[White "Kincs, Imre"]
[Black "Schneider, Attila"]
[Result "1-0"]
[WhiteElo "2270"]
[BlackElo "2385"]

1.d4 Nf6 2.c4 e6 3.Nf3 b6 4.Nc3 Bb4 5.Qc2 Bb7 6.e3 O-O 7.Bd3 d5 8.cxd5 exd5
9.O-O Nbd7 10.Ne2 Re8 11.a3 Bd6 12.b4 Ne4 13.Bb2 Qf6 14.Rac1 Qh6 15.Ng3 g6
16.Bb5 Rad8 17.Qa4 Bc8 18.Qxa7 Ndf6 19.Bxe8 Rxe8 20.Nxe4 Nxe4 21.Rxc7 Nd2
22.Ne5 Bxe5 23.dxe5 Nf3+ 24.gxf3 Bh3 25.Kh1 d4 26.Bxd4 Be6 27.Qa4 Qh3 28.Qd1 b5
29.Rg1 Rd8 30.Rg3 Qh5 31.Qc2 Bf5 32.Qc6 Be6 33.Qxb5 Qf5 34.e4 Qf4 35.Be3 Rd1+
36.Kg2 Qh4 37.Qe8+ Kg7 38.Qxe6  1-0

[Event "Jyvaskyla op"]
[Site "Jyvaskyla"]
[Date "1991.??.??"]
[Round "5"]
[White "Efimov, Igor"]
[Black "Dragomarezkij, Evgeni"]
[Result "0-1"]
[WhiteElo "2470"]
[BlackElo "2455"]

1.d4 Nf6 2.Nf3 e6 3.c4 b6 4.Nc3 Bb7 5.Bg5 Be7 6.Rc1 O-O 7.e3 c5 8.Be2 d6
9.O-O Nbd7 10.h3 cxd4 11.Nxd4 Ne5 12.Qa4 Qc8 13.Rfd1 a6 14.f4 Ned7 15.b4 Rd8
16.f5 Nf8 17.fxe6 fxe6 18.Qb3 Rb8 19.Bg4 Nxg4 20.Bxe7 Nxe3 21.Rd3 Nxg2 22.Rf1 Ng6
23.Bxd8 N2f4 24.c5 bxc5 25.bxc5 Ba8 26.Qc4 d5 27.Qa4 Qxd8 28.Rg3  0-1

[Event "Katowice op"]
[Site "Katowice"]
[Date "1991.??.??"]
[Round "9"]
[White "Lisik, Valery"]
[Black "Kaiumov, Dmitry D"]
[Result "1/2-1/2"]
[WhiteElo "2485"]
[BlackElo "2420"]

1.d4 Nf6 2.Nf3 e6 3.c4 b6 4.Nc3 Bb7 5.Bg5 Be7 6.e3 h6 7.Bh4 O-O 8.Bd3 c5
9.dxc5 bxc5 10.O-O d6 11.Rc1 Nh5 12.Bxe7 Qxe7 13.Bb1 Nf6 14.Qc2 Rd8 15.Rfd1 Nbd7
16.b3 a6  1/2-1/2

[Event "Kecskemet Szechenyi"]
[Site "Kecskemet"]
[Date "1991.??.??"]
[Round "6"]
[White "Malaniuk, Vladimir P"]
[Black "Lendwai, Reinhard"]
[Result "1-0"]
[WhiteElo "2510"]
[BlackElo "2405"]

1.d4 Nf6 2.c4 e6 3.Nf3 b6 4.Nc3 Bb4 5.Qb3 c5 6.a3 Ba5 7.Bg5 h6 8.Bh4 g5 9.Bg3 g4
10.Nd2 cxd4 11.Nb5 Bxd2+ 12.Kxd2 Ne4+ 13.Ke1 d6 14.Qd3 Nxg3 15.Qxd4 Nxh1
16.Qxh8+ Ke7 17.Qxh6 Nd7 18.Rd1 Ba6 19.Qf4 Bxb5 20.Qxd6+ Ke8 21.cxb5 g3 22.hxg3 Rc8
23.Qd4 e5 24.Qg4 Qc7 25.Qh3 Nxf2 26.Kxf2 Qc5+ 27.Ke1 Nf6 28.Qf5 Ke7 29.g4 Rc7
30.g5 Nh5 31.g4 Ng7 32.Qf6+ Kf8 33.Rd8+  1-0

[Event "JUG-ch"]
[Site "Kladovo"]
[Date "1991.??.??"]
[Round "1"]
[White "Nikcevic, Nebojsa"]
[Black "Subasic, Ilijas"]
[Result "1-0"]
[WhiteElo "2440"]
[BlackElo "2320"]

1.d4 Nf6 2.c4 e6 3.Nf3 b6 4.Nc3 Bb4 5.Qc2 Bb7 6.Bg5 h6 7.Bh4 O-O 8.e3 d5
9.cxd5 exd5 10.Bd3 Nbd7 11.Bf5 Be7 12.O-O-O Re8 13.Ne5 Nf8 14.g4 N6d7 15.Bg3 c6
16.Nxd7 Nxd7 17.h4 Nf8 18.g5 h5 19.g6 Bd6 20.Rdg1 Re7 21.Ne2 Bc8 22.Kb1 Bxf5
23.Qxf5 fxg6 24.Qd3 Re6 25.Bxd6 Rxd6 26.Rg3 Rf6 27.Nf4 Rc8 28.Rhg1 Kf7 29.Nxh5 gxh5
30.Rxg7+ Ke6 31.R1g5 Nd7 32.e4 Qh8 33.e5 Rxf2 34.Qg6+ Nf6 35.Qf7+  1-0

[Event "JUG-ch"]
[Site "Kladovo"]
[Date "1991.??.??"]
[Round "5"]
[White "Nikcevic, Nebojsa"]
[Black "Stefanovski, Dusko"]
[Result "0-1"]
[WhiteElo "2440"]
[BlackElo "2300"]

1.d4 Nf6 2.c4 e6 3.Nf3 b6 4.Nc3 Bb7 5.Bf4 d5 6.cxd5 Nxd5 7.Bg3 Bd6 8.e3 O-O
9.Bd3 Nd7 10.e4 Nf4 11.Bc4 Ng6 12.e5 Bb4 13.h4 c5 14.Ng5 Re8 15.O-O cxd4
16.Qh5 Ndf8 17.Ne2 h6 18.Nxf7 Kxf7 19.Bd3 Bd2 20.Kh2 Qd5 21.Rg1 Qa5 22.Rad1 Ba6
23.Bxa6 Qxa6 24.Rxd2 Kg8 25.Rxd4 Qxa2 26.Nf4 Qxb2 27.Rgd1 Ne7 28.Qg4 Nc6
29.Rd7 Nxd7 30.Rxd7 Re7 31.Rxe7 Nxe7 32.Qxe6+ Kf8 33.Nd5 Nxd5 34.Qxd5 Re8
35.e6 Qf6 36.Bd6+ Kg8 37.e7+ Kh8 38.Kg1 a5 39.Ba3 Qa1+  0-1

[Event "Krumbach op"]
[Site "Krumbach"]
[Date "1991.??.??"]
[Round "9"]
[White "Junge, Ralf"]
[Black "Dragomarezkij, Evgeni"]
[Result "0-1"]
[WhiteElo "2335"]
[BlackElo "2455"]

1.d4 Nf6 2.c4 e6 3.Nf3 b6 4.Nc3 Bb7 5.a3 d5 6.cxd5 exd5 7.Qa4+ Qd7 8.Qc2 Be7
9.g3 O-O 10.Bg2 c5 11.O-O Na6 12.Bf4 Rfd8 13.Rad1 Nc7 14.Ng5 cxd4 15.Bh3 Qc6
16.Rxd4 Nb5 17.Nf3 Nxd4 18.Nxd4 Qc4 19.Be5 Ne4 20.Nf5 Bf6 21.Bxf6 Nxf6 22.Qd2 h6
23.Rc1 Kf8 24.Nd4 Qc7 25.Ncb5 Qe5 26.f4 Qh5 27.Kg2 Ne4 28.Qb4+ Nc5 29.Rxc5 bxc5
30.Qxc5+ Kg8 31.Nc3 Qg6 32.f5 Qb6  0-1

[Event "Leningrad op"]
[Site "Leningrad"]
[Date "1991.??.??"]
[Round "?"]
[White "Kharitonov, Andrei Y"]
[Black "Gorbatow, Alexej"]
[Result "1-0"]
[WhiteElo "2490"]
[BlackElo "2235"]

1.d4 Nf6 2.Nf3 e6 3.c4 b6 4.Nc3 Bb7 5.e3 a6 6.Bd3 d5 7.O-O Nbd7 8.Qe2 dxc4
9.Bxc4 b5 10.Bb3 c5 11.Rd1 Qc7 12.e4 cxd4 13.Nxd4 Nc5 14.e5 Nfd7 15.Bf4 Be7
16.Bc2 b4 17.Ne4 Nxe4 18.Bxe4 Nc5 19.Rac1 Qb6 20.Bxb7 Qxb7 21.Qg4 g6 22.Bg5 Rc8
23.Bxe7 h5 24.Qf4 Qxe7 25.Qf3  1-0

[Event "Leningrad-ch"]
[Site "Leningrad"]
[Date "1991.??.??"]
[Round "?"]
[White "Kozlov, Vladimir N"]
[Black "Solozhenkin, Evgeniy"]
[Result "0-1"]
[WhiteElo "2360"]
[BlackElo "2415"]

1.d4 Nf6 2.c4 e6 3.Nf3 b6 4.Nc3 Bb4 5.Bg5 Bb7 6.e3 Be7 7.Be2 O-O 8.O-O d6
9.Nd2 c5 10.Bf3 Nc6 11.Qa4 cxd4 12.exd4 d5 13.Be3 Na5 14.b4 Nxc4 15.Nxc4 Qc8
16.Nxb6 axb6 17.Qb3 Ne4 18.Rfc1 Qd7 19.Be2 Rfc8 20.a3 Nd6 21.Bf4 Nc4 22.a4 Bc6
23.Rd1 Bf8 24.b5 Bb7 25.Na2 Qe7 26.Nc1 Qf6 27.Be3 Bd6 28.Bf1 Rc7 29.Ne2 Rac8
30.g3 h6 31.Ra2 Na5 32.Qb1 Nc4 33.Bd2 e5 34.Bb4 e4 35.Bxd6 Qxd6 36.Nf4 Na5
37.Ng2 f5 38.h4 Rc3 39.Qb2 g5 40.hxg5 hxg5 41.Raa1 R8c7 42.Rac1 Rxc1 43.Rxc1 Rh7
44.Rc3 Qh6 45.f4 Nc4 46.Qc1 Qh1+ 47.Kf2 Rh2 48.Rxc4 dxc4 49.Qxc4+ Kf8 50.Qc7 Rxg2+
51.Ke1 Re2+ 52.Kxe2 Qf3+ 53.Ke1 Qxg3+ 54.Ke2 Qd3+ 55.Ke1 Qb1+ 56.Ke2 Qa2+
57.Ke1 Bd5 58.Qc8+ Kg7 59.Qxf5 Qb1+  0-1

[Event "POR-ch"]
[Site "Lisboa"]
[Date "1991.??.??"]
[Round "7"]
[White "Santos, Jose P"]
[Black "Guimaraes, Jorge"]
[Result "0-1"]
[WhiteElo "2390"]
[BlackElo "2280"]

1.d4 Nf6 2.c4 e6 3.Nf3 b6 4.Nc3 Bb7 5.Qc2 d5 6.cxd5 exd5 7.g3 a6 8.Bg2 Bd6
9.O-O O-O 10.Nh4 Re8 11.Nf5 Bf8 12.Bg5 g6 13.Nh6+ Bxh6 14.Bxh6 Nc6 15.Rad1 Ne7
16.Rd2 Nf5 17.Bg5 h6 18.Bxf6 Qxf6 19.Nxd5 Bxd5 20.Bxd5 Rad8 21.Qc4 b5 22.Qc6 Qxc6
23.Bxc6 Re6 24.d5 Rxc6  0-1

[Event "ESP-ch"]
[Site "Lleida"]
[Date "1991.??.??"]
[Round "3"]
[White "Alvarez, R."]
[Black "Rivas Pastor, Manuel"]
[Result "0-1"]
[WhiteElo "2365"]
[BlackElo "2450"]

1.d4 Nf6 2.c4 e6 3.Nf3 b6 4.Nc3 Bb4 5.Bg5 h6 6.Bh4 Bxc3+ 7.bxc3 d6 8.Nd2 g5
9.Bg3 Nh5 10.e3 Nxg3 11.hxg3 Bb7 12.Qh5 Nd7 13.Be2 Bxg2 14.Rh2 Nf6 15.Qxg5 hxg5
16.Rxh8+ Ke7 17.Rxd8 Rxd8 18.g4 Rh8 19.O-O-O Bb7 20.Rf1 c5 21.f3 Rh2 22.Kd1 Ba6
23.Ke1 Nd5  0-1

[Event "Miedzybrodzie op"]
[Site "Miedzybrodzie"]
[Date "1991.??.??"]
[Round "2"]
[White "Czerwonski, Aleksander"]
[Black "Balashov, Yuri S"]
[Result "0-1"]
[WhiteElo "2370"]
[BlackElo "2580"]

1.d4 Nf6 2.c4 e6 3.Nf3 b6 4.Nc3 Bb7 5.a3 g6 6.d5 Bg7 7.e4 d6 8.Be2 O-O 9.O-O Nbd7
10.Qc2 Re8 11.Be3 exd5 12.cxd5 c6 13.dxc6 Bxc6 14.Bc4 h6 15.Qb3 Qe7 16.Rfe1 Rac8
17.Nd4 Bb7 18.f3 Nc5 19.Qa2 a6 20.Rad1 b5 21.Bf1 Ncd7 22.Bf2 Ne5 23.Nc2 Qe6
24.Qxe6 Rxe6 25.Ne3 h5 26.Ned5 Bxd5 27.Nxd5 Nxd5 28.exd5 Ree8 29.b3 Nd7 30.a4 Rxe1
31.Rxe1 bxa4 32.bxa4 Nc5 33.Rc1 a5 34.Bb5 Bf6 35.Kf1 Kf8 36.Bg3 Be7 37.Bf4 f5
38.Re1 Kf7 39.Rb1 Nxa4 40.Bxa4 Rc4 41.g3 Rxa4 42.Rb7 Ke8 43.Rb8+ Kd7 44.Rb7+ Kd8
45.Ra7 Ra1+ 46.Kg2 Ra2+ 47.Kg1 Bf6 48.Ra6 Bd4+ 49.Kh1 Be5 50.Bxe5 dxe5 51.Re6 a4
52.Rxe5 Rd2 53.Re3 Rxd5 54.Kg2 Ra5 55.Ra3 Kd7 56.Kh3 Kc6 57.Kh4 Kb5 58.Kg5 Ra6
59.g4 fxg4 60.fxg4 hxg4 61.Kxg4 Kb4 62.Ra1 a3 63.Kg5 a2 64.h4 Kb3 65.Rf1 Rc6
66.Rh1 Kb2  0-1

[Event "POL-chT"]
[Site "Mikolajki"]
[Date "1991.??.??"]
[Round "1"]
[White "Nowik, Urszula"]
[Black "Dabrowska, Krystyna"]
[Result "0-1"]
[WhiteElo "2050"]
[BlackElo "2185"]

1.d4 Nf6 2.c4 e6 3.Nf3 b6 4.Nc3 Bb7 5.e3 Bb4 6.Qb3 c5 7.a3 cxd4 8.axb4 dxc3
9.Qxc3 O-O 10.Be2 Qe7 11.O-O d5 12.b3 Ne4 13.Qc2 Qxb4 14.Bd3 Nc5 15.Bxh7+ Kh8
16.Nd2 dxc4 17.bxc4 Rd8 18.Ra2 Nc6 19.Rb2 Qa4 20.Qb1 Ne5 21.Rb5 f5 22.Bxf5 exf5
23.Qxf5 Ned3 24.Nb3 Qxc4 25.Nxc5 Nxc5 26.Bb2 Qxb5 27.Bxg7+ Kxg7 28.Qg5+ Kf7
29.Qf5+ Ke7 30.Qh7+ Kd6 31.Rd1+ Bd5 32.e4 Nxe4 33.Qxe4 Re8 34.Qf4+ Kc6 35.Rc1+ Kb7
36.Qc7+ Ka6 37.Ra1+ Qa5 38.Rxa5+ Kxa5 39.Qc3+ Ka6 40.Qd3+ b5 41.h3 Rad8 42.Kh2 Bc6
43.Qg6 Kb6 44.g4 a5 45.Qf6 Rf8 46.Qh4 Rd2  0-1

[Event "POL-chT"]
[Site "Mikolajki"]
[Date "1991.??.??"]
[Round "2"]
[White "Kujawski, Adam"]
[Black "Stecki, Witold"]
[Result "0-1"]
[WhiteElo "2310"]
[BlackElo "2235"]

1.d4 Nf6 2.c4 e6 3.Nf3 b6 4.Nc3 Bb7 5.a3 Be7 6.d5 O-O 7.e4 d6 8.Bd3 e5 9.O-O Bc8
10.h3 h6 11.Be3 Nh7 12.Qc2 Nd7 13.b4 a5 14.Ne2 Ng5 15.Nd2 Nh7 16.Rac1 axb4
17.axb4 Bg5 18.f4 exf4 19.Nxf4 Ne5 20.Be2 Ra3 21.Nb3 Bd7 22.Qb2 Ra4 23.Nd4 Nf6
24.Qb1 Ra3 25.Bd2 Re8 26.Rc3 Qa8 27.Rxa3 Qxa3 28.Nf3 Ra8 29.Nxe5 dxe5 30.Bc1 Qa2  0-1

[Event "POL-chT"]
[Site "Mikolajki"]
[Date "1991.??.??"]
[Round "7"]
[White "Sarwinski, Miroslaw"]
[Black "Pisulinski, Jan"]
[Result "0-1"]
[WhiteElo "2405"]
[BlackElo "2385"]

1.d4 Nf6 2.Nf3 e6 3.c4 b6 4.Nc3 Bb4 5.Bg5 Bb7 6.e3 h6 7.Bh4 Bxc3+ 8.bxc3 d6
9.Bd3 Nbd7 10.O-O Qe7 11.Nd2 g5 12.Bg3 h5 13.h4 Ng4 14.hxg5 Qxg5 15.Bf4 Qe7
16.Qe2 e5 17.Bg3 O-O-O 18.f3 h4 19.Be1 h3 20.fxg4 hxg2 21.Rf3 Rh1+ 22.Kxg2 Rdh8
23.Bg3 Rxa1 24.Ne4 exd4 25.exd4 Qe6 26.Rf5 Bxe4+ 27.Bxe4 Rxa2 28.Qxa2 Qxe4+
29.Rf3 a5 30.g5 Rg8 31.Qd2 f6 32.c5 fxg5 33.Kf2 bxc5 34.dxc5 Nxc5 35.Rf7 Nd3+
36.Kg1 Ne5 37.Qf2 Rd8 38.Rf8 Rxf8 39.Qxf8+ Kb7 40.Qg7 Qe3+ 41.Kg2 Qe2+ 42.Kh3 Qf1+
43.Kh2 Nf3+  0-1

[Event "POL-chT"]
[Site "Mikolajki"]
[Date "1991.??.??"]
[Round "9"]
[White "Sapis, Witalis"]
[Black "Zielinski, Marek"]
[Result "1-0"]
[WhiteElo "2415"]
[BlackElo "2315"]

1.d4 Nf6 2.Nf3 e6 3.c4 b6 4.Nc3 Bb7 5.Qc2 c5 6.dxc5 Bxc5 7.Bf4 O-O 8.Rd1 Nc6
9.e3 Nh5 10.Bg5 Be7 11.Bxe7 Qxe7 12.Be2 d5 13.cxd5 Nb4 14.Qa4 Nxd5 15.Nxd5 Bxd5
16.O-O Nf6 17.Nd4 Rfc8 18.Rc1 h6 19.Rfd1 Ne4 20.f3 Nc5 21.Qa3 a5 22.e4 Bb7
23.Qe3 Ba6 24.b3 Qb7 25.Bxa6 Qxa6 26.a3 Qb7 27.Nb5 Rd8 28.Nd6 Qe7 29.e5 Rab8
30.b4 axb4 31.axb4 Na6 32.Qd4 f6 33.f4 fxe5 34.fxe5  1-0

[Event "Moscow7 op"]
[Site "Moscow"]
[Date "1991.??.??"]
[Round "?"]
[White "Zvjaginsev, Vadim"]
[Black "Chekhov, Valery A"]
[Result "0-1"]
[WhiteElo "2400"]
[BlackElo "2525"]

1.d4 Nf6 2.c4 e6 3.Nf3 b6 4.Nc3 Bb4 5.Bg5 Bb7 6.Nd2 h6 7.Bh4 O-O 8.e3 d5
9.cxd5 exd5 10.Bd3 Nbd7 11.O-O Be7 12.Bg3 a6 13.e4 dxe4 14.Ndxe4 Nxe4 15.Bxe4 Bxe4
16.Nxe4 f5 17.Qc2 f4  0-1

[Event "NZL-ch"]
[Site "NZL"]
[Date "1991.??.??"]
[Round "?"]
[White "Sutton, Richard John"]
[Black "Dive, Russell John"]
[Result "1/2-1/2"]
[WhiteElo "2295"]
[BlackElo "2305"]

1.d4 Nf6 2.c4 e6 3.Nf3 b6 4.Nc3 Bb4 5.Bg5 Bb7 6.e3 h6 7.Bh4 Bxc3+ 8.bxc3 d6
9.Nd2 Nbd7 10.Rb1 Qe7 11.f3 e5 12.e4 Nf8 13.Bf2 Ne6 14.c5 dxc5 15.d5 Nf8
16.Nc4 Ng6 17.d6 Qd7 18.dxc7 Qxc7 19.Nd6+ Kf8 20.Nxb7 Qxb7 21.Bxc5+ Kg8 22.Bf2 Kh7
23.Qa4 Rhd8 24.Ba6 Qc7 25.O-O Nd7 26.Qc4 Qxc4 27.Bxc4 f6 28.Rbd1 Ndf8 29.Ba6 Nf4
30.Be3 N4e6 31.Kf2 Rxd1 32.Rxd1 Rd8 33.Rxd8 Nxd8 34.Ke2 Nfe6 35.Kd3 Kg8 36.Kc4 Nc7
37.Bc8 Kf7 38.a4 Nc6 39.Bd7 Na5+ 40.Kd3 Ke7 41.Bc8 Kd8 42.Bf5 Na6 43.Be6 Kc7
44.Bc4 Nc5+  1/2-1/2

[Event "Scandic Cup"]
[Site "Odense"]
[Date "1991.??.??"]
[Round "1"]
[White "Pekarek, Ales"]
[Black "Friis, Carsten Bank"]
[Result "1-0"]
[WhiteElo "2475"]
[BlackElo "2305"]

1.d4 Nf6 2.c4 e6 3.Nf3 b6 4.Nc3 Bb7 5.e3 Be7 6.Bd3 d5 7.cxd5 exd5 8.O-O O-O
9.Ne5 Nbd7 10.Qf3 Bd6 11.Nxd7 Qxd7 12.b3 Rfe8 13.Bf5 Qd8 14.Bb2 Ne4 15.Rfc1 a6
16.Rc2 Qh4 17.g3 Qh6 18.a4 Ng5 19.Qg4 g6 20.h4 Ne6 21.Bxe6 Rxe6 22.Ba3 Rae8
23.Bxd6 Rxd6 24.Ne2 Bc8 25.Qf3 c6 26.Rac1 g5 27.hxg5 Qxg5 28.Rxc6 Rxc6 29.Rxc6 Bg4
30.Qf4 Qxf4 31.Nxf4 Bf3 32.Kf1 Rb8 33.Ke1 a5 34.Kd2 Kf8 35.Nd3 Rb7 36.Ne5 Be4
37.f3 Bf5 38.g4 Be6 39.f4 Ke7 40.f5 Bd7 41.Rh6  1-0

[Event "Porz op26"]
[Site "Porz"]
[Date "1991.??.??"]
[Round "4"]
[White "Roeder, Mathias"]
[Black "Dautov, Rustem"]
[Result "1-0"]
[WhiteElo "2435"]
[BlackElo "2595"]

1.d4 Nf6 2.c4 e6 3.Nf3 b6 4.Nc3 Bb7 5.a3 d5 6.cxd5 Nxd5 7.Qc2 Nxc3 8.Qxc3 h6
9.e3 Be7 10.Bb5+ c6 11.Be2 O-O 12.O-O Nd7 13.Rd1 Rc8 14.b4 c5 15.bxc5 bxc5
16.Bb2 Bf6 17.Qe1 Bd5 18.Bc3 Qc7 19.Rab1 Nb6 20.Ba6 Bxf3 21.gxf3 Rb8 22.dxc5 Bxc3
23.Qxc3 Na4 24.Qc2 Nxc5 25.Rxb8 Rxb8 26.Rc1 Qb6 27.Bf1 Nd7 28.Qc7 Nf6 29.Rc6 Qb1
30.Rc1 Qg6+ 31.Qg3 Rb3 32.Qxg6 fxg6 33.Rc8+ Kh7 34.Bc4 Rxa3 35.Bxe6 Ra6 36.Bc4 Rd6
37.f4 g5 38.f5 Rd7 39.Rf8 Nd5 40.e4 Ne7 41.Rf7 Kh8 42.Be6 Rc7 43.Kg2 a5 44.e5  1-0

[Event "Porz op27"]
[Site "Porz"]
[Date "1991.??.??"]
[Round "8"]
[White "Chuchelov, Vladimir"]
[Black "Arkhipov, Sergey"]
[Result "0-1"]
[WhiteElo "2420"]
[BlackElo "2500"]

1.d4 Nf6 2.Nf3 e6 3.c4 b6 4.Nc3 Bb4 5.Bg5 Bb7 6.e3 h6 7.Bh4 Bxc3+ 8.bxc3 d6
9.Nd2 g5 10.Bg3 Qe7 11.h4 Rg8 12.hxg5 hxg5 13.a4 Nc6 14.Be2 O-O-O 15.Bf3 Rh8
16.Rg1 Nd7 17.Qb1 f5 18.a5 Rdf8 19.Bxc6 Bxc6 20.f3 e5 21.d5 Bb7 22.Bf2 e4
23.fxe4 fxe4 24.Nxe4 Ne5 25.axb6 axb6 26.Nd2 Rxf2 27.Kxf2 Ng4+ 28.Kf1 Rf8+  0-1

[Event "Ptuj"]
[Site "Ptuj"]
[Date "1991.??.??"]
[Round "1"]
[White "Zlatilov, Ivailo"]
[Black "Brglez, Rado"]
[Result "1-0"]
[WhiteElo "2365"]
[BlackElo "2330"]

1.d4 Nf6 2.Nf3 e6 3.c4 b6 4.Nc3 Bb7 5.a3 d5 6.cxd5 Nxd5 7.Qc2 Nxc3 8.bxc3 Be7
9.e4 O-O 10.Bd3 c5 11.O-O Qc8 12.Qe2 cxd4 13.cxd4 Ba6 14.Bf4 Bxd3 15.Qxd3 Qa6
16.Qe3 Nd7 17.h4 Rac8 18.h5 h6 19.e5 b5 20.Nh2 f5 21.Rfd1 Kh7 22.Qg3 g5 23.hxg6+ Kg7
24.Nf1 Nb6 25.Ne3 Nd5 26.Nxd5 exd5 27.Rab1 Qxg6 28.Qxg6+ Kxg6 29.Rxb5 Rfd8
30.Ra5 Bg5 31.Bxg5 hxg5 32.Rxa7 f4 33.Ra6+ Kf5 34.Rf6+ Ke4 35.e6 Rf8 36.f3+ Ke3
37.Rxf8 Rxf8 38.e7 Re8  1-0

[Event "Ptuj"]
[Site "Ptuj"]
[Date "1991.??.??"]
[Round "8"]
[White "Zlatilov, Ivailo"]
[Black "Rajkovic, Dusan"]
[Result "0-1"]
[WhiteElo "2365"]
[BlackElo "2495"]

1.d4 Nf6 2.Nf3 e6 3.c4 b6 4.Nc3 Bb4 5.Qb3 c5 6.a3 Bxc3+ 7.Qxc3 Bb7 8.dxc5 bxc5
9.Bg5 O-O 10.e3 Qe7 11.Be2 d6 12.O-O Nbd7 13.b4 Rac8 14.b5 h6 15.Bf4 g5 16.Bg3 Ne4
17.Qc2 f5 18.Nd2 e5 19.f3 Nxg3 20.hxg3 Rf6 21.Bd3 Rcf8 22.g4 e4 23.fxe4 fxg4
24.Rxf6 Rxf6 25.Rf1 Ne5 26.Rf5 Bc8 27.Rxf6 Qxf6 28.Nf1 h5 29.Be2 h4 30.Qd1 g3
31.Qe1 Qd8 32.a4 Bb7 33.a5 Bxe4 34.Qc3 Qf6 35.Qe1 Qd8 36.Qc3 Qa8 37.Qd2 Bxg2
38.e4 Qxe4 39.Qxg5+ Kh7 40.Ne3 Nf3+ 41.Bxf3 Bxf3 42.Qf5+ Qxf5 43.Nxf5 d5
44.Nxh4 Be4 45.cxd5 c4 46.Nf5 c3 47.Ne3 Bxd5 48.Kf1 Bf3 49.b6 a6 50.Ke1 Kg6
51.Nc2 Kf6 52.Nd4 Be4 53.Ke2 g2 54.Kf2 Ke5 55.Nc2 Kd6 56.Ne3 Kc6 57.Nc2 Bxc2  0-1

[Event "Reggio Emilia91 Top15"]
[Site "Reggio Emilia"]
[Date "1991.??.??"]
[Round "?"]
[White "Epishin, Vladimir"]
[Black "Romanishin, Oleg M"]
[Result "1/2-1/2"]
[WhiteElo "2620"]
[BlackElo "2610"]

1.d4 Nf6 2.c4 e6 3.Nf3 b6 4.Nc3 Bb7 5.a3 g6 6.Bf4 Bg7 7.e3 O-O 8.h3 d6 9.Be2 Nbd7
10.O-O Ne4 11.Nxe4 Bxe4 12.Bh2 e5 13.Nd2 Bb7 14.Bf3 Qc8 15.Ne4 Re8 16.Re1 Nf6
17.Nxf6+ Bxf6 18.dxe5 Bxe5 19.Bxe5 Rxe5 20.Rc1 Bxf3 21.Qxf3 a5 22.b3 Rf5
23.Qe4 Re5  1/2-1/2

[Event "Reggio Emilia91 Top15"]
[Site "Reggio Emilia"]
[Date "1991.??.??"]
[Round "?"]
[White "Gulko, Boris F"]
[Black "Vaganian, Rafael A"]
[Result "1/2-1/2"]
[WhiteElo "2575"]
[BlackElo "2585"]

1.d4 Nf6 2.c4 e6 3.Nf3 b6 4.Nc3 Bb7 5.a3 g6 6.Bg5 Bg7 7.e3 d6 8.d5 O-O 9.Be2 Nbd7
10.O-O h6 11.Bh4 g5 12.Bg3 Nc5 13.dxe6 fxe6 14.Nd4 Qd7 15.f3 e5 16.Nb3 e4
17.f4 gxf4 18.Nxc5 bxc5 19.Rxf4 Rf7 20.Qb3 Bc6 21.Raf1 Raf8 22.Qd1 Qe6 23.Bh4 h5
24.Bg5 Nh7 25.Rxf7 Rxf7 26.Rxf7 Qxf7 27.Bf4 Nf6 28.b4 Ng4 29.Nd5 Bxd5 30.Qxd5 Qxd5
31.cxd5 Bb2 32.bxc5 Bxa3 33.Bxg4 hxg4 34.Bxd6 Kf7 35.Bxc7 Bxc5 36.Kf2 Ke7
37.Ke2 Bd6 38.Bxd6+ Kxd6 39.Kd2 Kxd5 40.Kc3 Kc5 41.Kb3 Kb5 42.h3 gxh3 43.gxh3 Kc5
44.Ka4 Kc4 45.h4 Kd5 46.Ka5 Ke5 47.Ka6 Kf5 48.Kxa7 Kg4 49.Kb6 Kxh4 50.Kc5 Kg4
51.Kd5 Kf5  1/2-1/2

[Event "Rimavska Sobota"]
[Site "Rimavska Sobota"]
[Date "1991.??.??"]
[Round "10"]
[White "Stohl, Igor"]
[Black "Molnar, Vojtech"]
[Result "1-0"]
[WhiteElo "2550"]
[BlackElo "2300"]

1.Nf3 Nf6 2.c4 e6 3.d4 b6 4.Nc3 Bb7 5.a3 d5 6.cxd5 Nxd5 7.e3 Be7 8.Bb5+ c6
9.Bd3 Nxc3 10.bxc3 c5 11.O-O Nc6 12.Qe2 O-O 13.Bb2 Rc8 14.Rad1 cxd4 15.cxd4 Na5
16.e4 Rc7 17.Ne5 Qa8 18.d5 exd5 19.exd5 Bxd5 20.Qh5 Be4 21.Nd7 Bxd3 22.Rxd3 Rfc8
23.Rg3 g6 24.Qxh7+  1-0

[Event "Rome op"]
[Site "Rome"]
[Date "1991.??.??"]
[Round "7"]
[White "Ortega, Lexy"]
[Black "Corvi, Marco"]
[Result "1-0"]
[WhiteElo "2415"]
[BlackElo "2225"]

1.d4 Nf6 2.Nf3 e6 3.c4 b6 4.Nc3 Bb4 5.Qb3 c5 6.dxc5 Bxc5 7.Bf4 Nh5 8.Bg5 f6
9.Bd2 f5 10.e4 fxe4 11.Nxe4 O-O 12.O-O-O Qc7 13.Qc2 Bb7 14.Nfg5 Bxe4 15.Qxe4 Nf6
16.Qh4 Nc6 17.Kb1 Nd4 18.Bd3 Nf5 19.Qh3 h6 20.Nf3 Bxf2 21.g4 Ne3 22.g5 Nxd1
23.Rxd1 hxg5 24.Nxg5 Bd4 25.Bh7+ Kh8 26.Bg6+ Kg8 27.Bc1 Qe5 28.Bh7+  1-0

[Event "SLO-ch"]
[Site "SLO"]
[Date "1991.??.??"]
[Round "?"]
[White "Osterman, Rudolf"]
[Black "Sifrer, Darko"]
[Result "1-0"]
[WhiteElo "2370"]
[BlackElo "2355"]

1.d4 Nf6 2.Nf3 e6 3.c4 b6 4.Nc3 Bb7 5.Bg5 Be7 6.Qc2 h6 7.Bxf6 Bxf6 8.e4 d6
9.Be2 Nd7 10.O-O e5 11.d5 O-O 12.b4 Qe7 13.Nd2 a5 14.a3 axb4 15.axb4 Rxa1
16.Rxa1 Ra8 17.Rxa8+ Bxa8 18.Qa4 Qd8 19.Nb5 Bg5 20.Nf3 Nf6 21.h4 Bf4 22.g3 Nxe4
23.gxf4 Qc8 24.Bf1 Qg4+ 25.Bg2 Bb7 26.fxe5 dxe5 27.Nxc7 Nd6 28.Nxe5  1-0

[Event "Stavanger op"]
[Site "Stavanger"]
[Date "1991.??.??"]
[Round "6"]
[White "Gausel, Einar"]
[Black "Aarland, Stein Arild"]
[Result "1/2-1/2"]
[WhiteElo "2435"]
[BlackElo "2215"]

1.d4 Nf6 2.c4 e6 3.Nf3 b6 4.Nc3 Bb7 5.Bg5 Bb4 6.e3 h6 7.Bh4 g5 8.Bg3 Ne4
9.Qc2 d6 10.Bd3 Bxc3+ 11.bxc3 Nxg3 12.fxg3 Nd7 13.O-O Qe7 14.a4 a5 15.Be4 Bxe4
16.Qxe4 O-O 17.Nd2 f5 18.Qd3 Rae8 19.Rf3 Qh7 20.Raf1 Nf6 21.Qb1 Nh5 22.g4 Ng7
23.c5 bxc5 24.gxf5 exf5 25.Nc4 cxd4 26.cxd4 Qg6 27.g4 Qe6 28.gxf5 Qxc4 29.f6 Qf7
30.fxg7 Qxg7 31.Qb3+ Kh8 32.Qb5 g4 33.Rf7 Qg8 34.Rxf8 Rxf8 35.Rxf8 Qxf8 36.Qxa5 Qe8
37.Kf2 Qf7+ 38.Kg1 Qe8  1/2-1/2

[Event "Rilton Cup"]
[Site "Stockholm"]
[Date "1991.??.??"]
[Round "5"]
[White "Sandstrom, Ludvig"]
[Black "Stefansson, Hannes"]
[Result "0-1"]
[WhiteElo "2225"]
[BlackElo "2450"]

1.d4 Nf6 2.c4 e6 3.Nf3 b6 4.Nc3 Bb4 5.Bg5 Bb7 6.e3 h6 7.Bh4 Bxc3+ 8.bxc3 d6
9.Nd2 g5 10.Bg3 Nbd7 11.f3 Qe7 12.Bd3 O-O-O 13.Qa4 Kb8 14.O-O-O h5 15.h3 h4
16.Bh2 Nh5 17.Kc2 f5 18.Rb1 Rc8 19.c5 dxc5 20.Bb5 Rhd8 21.Nc4 cxd4 22.exd4 f4
23.Bc6 Qh7+ 24.Kc1 Qd3 25.Rb3 Nc5 26.dxc5 Bxc6 27.Qb4 Bb7 28.Re1 Nf6 29.Rb2 Nd5
30.Qb3 Qxc3+ 31.Qxc3 Nxc3 32.Bg1 Rd5 33.Kc2 Na4 34.c6 Nxb2 35.cxb7 Nxc4 36.bxc8=Q+ Kxc8  0-1